| 000 | 00000nas 2200000za 4500 |
| 001 | 9.817881 |
| 003 | CaOODSP |
| 005 | 20221107142600 |
| 007 | cr ||||||||||| |
| 008 | 160518d19641972oncqr p oss f000#b0fre|d |
| 040 | |aCaOODSP|bfre |
| 041 | |aeng|afre |
| 043 | |an-cn--- |
| 086 | 1 |aCS53-005-PDF |
| 245 | 00|aMotor carriers, freight quarterly (class 1 and 2 carriers only) |h[ressource électronique] = |bVoiturage motorisé, marchandise trimestriel (voituriers des catégories 1 et 2 seulement). |
| 246 | 11|aVoiturage motorisé, marchandise trimestriel (voituriers des catégories 1 et 2 seulement) |
| 246 | 13|aMotor carriers, freight quarterly (class I and II carriers only) |fjanv./mars 1969-oct./déc. 1971 |
| 246 | 13|aEntrepreneurs en camionnage (rapport trimestriel) (transporteurs des catégories 1 et 2 seulement) |foct./déc. 1967-oct./déc. 1971 |
| 246 | 13|aMotor carriers, freight quarterly (class I, II & III carriers only) |fjanv./mars 1972-avr./juin 1972 |
| 246 | 13|aEntrepreneurs en camionnage (transporteurs des catégories I et II seulement) |favr./juin 1969-oct./déc. 1971 |
| 246 | 13|aEntrepreneurs en camionnage (transporteurs des catégories I, II et III seulement) |fjanv./mars 1972-avr./juin 1972 |
| 260 | |aOttawa : |bDominion Bureau of Statistics, Public Finance and Transportation Division, Transportation Section = Bureau fédéral de la statistique, Division des finances publiques et des transports, Section des transports, |c1964-1972. |
| 310 | |aTrimestriel |
| 362 | 0 |aVol. 1, no. 1 (mars 1964)-v. 9, no. 2 (avr./juin 1972). |
| 500 | |aÉdition numérisée de l’imprimé [par Statistique Canada]. |
| 546 | |aTexte en anglais et en français. |
| 692 | 07|2gccst|aTransport routier |
| 692 | 07|2gccst|aCamion |
| 692 | 07|2gccst|aFret |
| 710 | 1 |aCanada.|bBureau fédéral de la statistique.|bSection des transports. |
| 791 | |tMotor carriers, freight quarterly (class 1 and 2 carriers only) |eeng|w(CaOODSP)9.817854 |